[Event "HUN-chT2 Charousek 1819"]
[Site "Hungary"]
[Date "2019.03.31"]
[Round "10.6"]
[White "Kiss, Gergely"]
[Black "Ivan, Attila"]
[Result "0-1"]
[WhiteElo "2171"]
[BlackElo "2290"]
[PlyCount "60"]
[EventDate "2018.09.23"]
[EventType "team-tourn"]
[EventRounds "11"]
[EventCountry "HUN"]
[SourceTitle "EXT 2021"]
[Source "ChessBase"]
[SourceDate "2020.10.23"]
[SourceVersion "1"]
[SourceVersionDate "2020.10.23"]
[SourceQuality "1"]
[WhiteTeam "Balatonfuered"]
[BlackTeam "Komlo Banyasz"]
[WhiteTeamCountry "HUN"]
[BlackTeamCountry "HUN"]

1. e4 e5 2. Bc4 Nf6 3. d3 Nc6 4. Nf3 Be7 5. c3 0-0 6. 0-0 d6 7. h3 Be6 8. Bxe6 fxe6 9. Nbd2 Qd7 10. Re1 Nh5 11. d4 exd4 12. cxd4 d5 13. Nf1 Rad8 14. Qb3 Nf4 15. g3 Nxh3+ 16. Kg2 Nxf2 17. exd5 exd5 18. Rxe7 Qxe7 19. Bg5 Qe2 20. Re1 Qxf3+ 21. Qxf3 Rxf3 22. Bxd8 Rf8 23. Bxc7 Nd3 24. Rd1 Nxb2 25. Rd2 Nc4 26. Rd3 Re8 27. Kf2 Re4 28. Nd2 Nxd2 29. Rxd2 Rxd4 30. Rb2 Rb4 0-1

[Event "HUN-chT2 Charousek 1415"]
[Site "Hungary"]
[Date "2015.01.25"]
[Round "5"]
[White "Ivan, Attila"]
[Black "Meszaros, Tamas"]
[Result "0-1"]
[WhiteElo "2278"]
[BlackElo "2422"]
[PlyCount "94"]
[EventDate "2014.10.12"]
[EventType "team-tourn"]
[EventRounds "9"]
[EventCountry "HUN"]
[SourceTitle "EXT 2016"]
[Source "ChessBase"]
[SourceDate "2015.10.08"]
[SourceVersion "1"]
[SourceVersionDate "2015.10.08"]
[SourceQuality "1"]
[WhiteTeam "Komlo"]
[BlackTeam "Csuti"]
[WhiteTeamCountry "HUN"]
[BlackTeamCountry "HUN"]

1. e4 c5 2. d4 cxd4 3. c3 dxc3 4. Nxc3 Nc6 5. Nf3 e6 6. Bc4 a6 7. 0-0 Nge7 8. Bg5 h6 9. Be3 b5 10. Bb3 Na5 11. Bc5 Nb7 12. Be3 Na5 13. Bc5 Nxb3 14. axb3 Bb7 15. Re1 Rc8 16. Be3 Ng6 17. Qd4 Be7 18. Qa7 Qc7 19. Rac1 Qb8 20. Qxb8 Rxb8 21. Bd4 0-0 22. Rcd1 d6 23. h4 Rbc8 24. g3 b4 25. Na4 e5 26. Bb6 f5 27. Nd2 fxe4 28. Nxe4 Rc6 29. Rd2 Rf3 30. Red1 Rxb6 31. Nxb6 Bxe4 32. Nc8 d5 33. h5 Rf8 34. Nb6 Bg5 35. hxg6 Bxd2 36. Rxd2 Rd8 37. f4 exf4 38. gxf4 Rd6 39. Na4 Rxg6+ 40. Kh2 Rc6 41. Kg3 Kf7 42. Kf2 Kf6 43. Ke3 Kf5 44. Kd4 Kxf4 45. Nc5 Rxc5 46. Kxc5 h5 47. Kxb4 h4 0-1

[Event "HUN-chT2 Charousek 1314"]
[Site "Hungary"]
[Date "2014.04.13"]
[Round "10"]
[White "Ivan, Attila"]
[Black "Sziraki, Tamas"]
[Result "0-1"]
[WhiteElo "2266"]
[BlackElo "2299"]
[PlyCount "104"]
[EventDate "2013.09.08"]
[EventType "team-tourn"]
[EventRounds "11"]
[EventCountry "HUN"]
[SourceTitle "EXT 2016"]
[Source "ChessBase"]
[SourceDate "2015.10.08"]
[SourceVersion "1"]
[SourceVersionDate "2015.10.08"]
[SourceQuality "1"]
[WhiteTeam "Komlo Banyasz"]
[BlackTeam "Budapest EAC"]
[WhiteTeamCountry "HUN"]
[BlackTeamCountry "HUN"]

1. e4 c5 2. Nf3 e6 3. d4 cxd4 4. c3 dxc3 5. Nxc3 a6 6. Bc4 Nc6 7. Qe2 Bc5 8. 0-0 Nge7 9. Rd1 Ng6 10. e5 Qc7 11. Ne4 Ncxe5 12. Nxe5 Qxe5 13. Nxc5 Qxc5 14. Be3 Qe7 15. Rac1 0-0 16. Bb3 Re8 17. Bc5 Qg5 18. Bd6 Nh4 19. g3 Nf5 20. Rc5 b6 21. Rxf5 Qxf5 22. Bc2 Qh3 23. Be4 Ra7 24. Bg2 Qf5 25. Rd5 Qg6 26. Bb8 Ra8 27. Bc7 Bb7 28. Rxd7 Bxg2 29. Kxg2 b5 30. h4 h6 31. h5 Qg5 32. Qf3 Qf5 33. Bf4 Rad8 34. g4 Qf6 35. Ra7 e5 36. Be3 Qxf3+ 37. Kxf3 e4+ 38. Kf4 Re6 39. b4 Rde8 40. Rd7 R8e7 41. Rd8+ Kh7 42. Rd4 g6 43. Rd5 gxh5 44. Rxh5 Rg6 45. Kf5 Rd7 46. g5 Kg8 47. Kxe4 hxg5 48. Bxg5 Re6+ 49. Kf3 Rd5 50. Kg4 f6 51. Bf4 Rxh5 52. Kxh5 Re2 0-1

[Event "HUN-chT2 Asztalos 1112"]
[Site "Hungary"]
[Date "2012.04.22"]
[Round "9.1"]
[White "Ivan, Attila"]
[Black "Haszon, David"]
[Result "0-1"]
[WhiteElo "2268"]
[BlackElo "2131"]
[PlyCount "138"]
[EventDate "2011.09.25"]
[EventType "team-tourn"]
[EventRounds "11"]
[EventCountry "HUN"]
[SourceTitle "EXT 2013"]
[Source "ChessBase"]
[SourceDate "2012.11.22"]
[SourceVersion "1"]
[SourceVersionDate "2012.11.22"]
[SourceQuality "1"]
[WhiteTeam "Komlo"]
[BlackTeam "Marcali"]
[WhiteTeamCountry "HUN"]
[BlackTeamCountry "HUN"]

1. e4 c5 2. Nf3 d6 3. d4 cxd4 4. Nxd4 Nf6 5. Nc3 a6 6. Bc4 e6 7. Bb3 Be7 8. 0-0 0-0 9. Qf3 Qc7 10. Qg3 Nc6 11. Nxc6 Qxc6 12. Bh6 Ne8 13. Rad1 Kh8 14. Bg5 Bxg5 15. Qxg5 b5 16. Rd3 Bb7 17. Qe7 Kg8 18. Rf3 Qc7 19. Qxc7 Nxc7 20. Rd3 a5 21. a3 b4 22. axb4 axb4 23. Ne2 Bxe4 24. Rxd6 Rfd8 25. Rd4 Rxd4 26. Nxd4 Rd8 27. Nf3 Bxf3 28. gxf3 Nb5 29. Kg2 Kf8 30. Ra1 Nd4 31. Ra4 Nxb3 32. cxb3 Rd4 33. Ra8+ Ke7 34. Rb8 Kf6 35. Kg3 g6 36. Rb7 h5 37. h3 g5 38. Kg2 Kg6 39. Rb6 Kf5 40. Rb5+ e5 41. Rb7 f6 42. Rb6 h4 43. Rb8 Rf4 44. Rc8 e4 45. Rc5+ Ke6 46. fxe4 Rxe4 47. Kf3 Rd4 48. Ke2 Rf4 49. f3 Kd6 50. Rb5 Rd4 51. Rf5 Ke7 52. Rb5 Ke6 53. Rc5 Rd5 54. Rc4 Ra5 55. Rxb4 Ra2 56. f4 Rxb2+ 57. Kf3 Kf5 58. Rb5+ Kg6 59. f5+ Kh6 60. Rb6 Rh2 61. Rxf6+ Kh5 62. Rb6 Rxh3+ 63. Kf2 g4 64. f6 Rf3+ 65. Kg2 h3+ 66. Kh2 Kh4 67. Rb4 Rxf6 68. Rc4 Rf2+ 69. Kg1 Rb2 0-1

[Event "HUN-chT2 Asztalos 1112"]
[Site "Hungary"]
[Date "2012.03.25"]
[Round "8.1"]
[White "Mathe, Gaspar"]
[Black "Ivan, Attila"]
[Result "1/2-1/2"]
[WhiteElo "2345"]
[BlackElo "2268"]
[PlyCount "40"]
[EventDate "2011.09.25"]
[EventType "team-tourn"]
[EventRounds "11"]
[EventCountry "HUN"]
[SourceTitle "EXT 2013"]
[Source "ChessBase"]
[SourceDate "2012.11.22"]
[SourceVersion "1"]
[SourceVersionDate "2012.11.22"]
[SourceQuality "1"]
[WhiteTeam "Nagyatad"]
[BlackTeam "Komlo"]
[WhiteTeamCountry "HUN"]
[BlackTeamCountry "HUN"]

1. d4 Nf6 2. c4 c5 3. Nf3 cxd4 4. Nxd4 e5 5. Nb5 d5 6. cxd5 Bc5 7. N5c3 0-0 8. g3 e4 9. Bg2 e3 10. Bxe3 Bxe3 11. fxe3 Qb6 12. Qd2 Ng4 13. Nd1 Re8 14. Nbc3 Nd7 15. h3 Nxe3 16. Nxe3 Rxe3 17. 0-0-0 Rxg3 18. Bf3 Ne5 19. Qf4 Nxf3 20. exf3 Rg2 1/2-1/2

[Event "HUN-chT2 Charousek 1011"]
[Site "Hungary"]
[Date "2011.05.15"]
[Round "11"]
[White "Ivan, Attila"]
[Black "Kerek, Krisztian"]
[Result "0-1"]
[WhiteElo "2268"]
[BlackElo "2332"]
[PlyCount "82"]
[EventDate "2010.09.12"]
[EventType "team-tourn"]
[EventRounds "11"]
[EventCountry "HUN"]
[SourceTitle "EXT 2012"]
[Source "ChessBase"]
[SourceDate "2011.11.24"]
[SourceVersion "1"]
[SourceVersionDate "2011.11.24"]
[SourceQuality "1"]
[WhiteTeam "Pannonpower"]
[BlackTeam "Tatai Honved"]
[WhiteTeamCountry "HUN"]
[BlackTeamCountry "HUN"]

1. e4 c5 2. d4 cxd4 3. c3 dxc3 4. Nxc3 Nc6 5. Nf3 e6 6. Bc4 a6 7. Qe2 Nge7 8. 0-0 Ng6 9. Rd1 Bc5 10. a3 b5 11. Ba2 0-0 12. b4 Ba7 13. Bg5 Qc7 14. Rac1 Bb7 15. Qd2 Nge5 16. Nxe5 Qxe5 17. Be3 Bxe3 18. Qxe3 Rfd8 19. f4 Qc7 20. e5 d5 21. exd6 Rxd6 22. Rxd6 Qxd6 23. Rd1 Qc7 24. f5 exf5 25. Nd5 Qe5 26. Qxe5 Nxe5 27. Ne7+ Kf8 28. Nxf5 g6 29. Re1 Re8 30. Nd4 Re7 31. Rf1 Kg7 32. Re1 f5 33. h3 Kf6 34. Bb3 Rd7 35. Rd1 Be4 36. Kf2 Nd3+ 37. Ke3 f4+ 38. Kxe4 Nf2+ 39. Kxf4 Nxd1 40. Nf3 Nb2 41. g4 Rd3 0-1

[Event "HUN-chT2 Charousek 1011"]
[Site "Hungary"]
[Date "2010.11.07"]
[Round "5"]
[White "Ivan, Attila"]
[Black "Bednay, Dezso"]
[Result "1/2-1/2"]
[WhiteElo "2268"]
[BlackElo "2304"]
[PlyCount "120"]
[EventDate "2010.09.12"]
[EventType "team-tourn"]
[EventRounds "11"]
[EventCountry "HUN"]
[SourceTitle "EXT 2012"]
[Source "ChessBase"]
[SourceDate "2011.11.24"]
[SourceVersion "1"]
[SourceVersionDate "2011.11.24"]
[SourceQuality "1"]
[WhiteTeam "Pannonpower"]
[BlackTeam "BEAC"]
[WhiteTeamCountry "HUN"]
[BlackTeamCountry "HUN"]

1. e4 c6 2. d4 d5 3. exd5 cxd5 4. c4 Nf6 5. Nc3 e6 6. Nf3 Bb4 7. cxd5 Nxd5 8. Bd2 Nc6 9. Bd3 Nxc3 10. bxc3 Be7 11. 0-0 0-0 12. Qe2 Qd5 13. Rfe1 Bd7 14. Rab1 Nd8 15. Be4 Qd6 16. c4 Qc7 17. Ng5 f5 18. Bd3 Bf6 19. Nf3 Nc6 20. Bc3 b6 21. Qc2 Rac8 22. Rbc1 Qf4 23. Qb2 Rfe8 24. Rcd1 h6 25. h3 Qc7 26. d5 Bxc3 27. Qxc3 Na5 28. dxe6 Bxe6 29. Nd4 Bxc4 30. Bxf5 Bf7 31. Rxe8+ Bxe8 32. Be6+ Bf7 33. Bxf7+ Kxf7 34. Qf3+ Kg8 35. Nf5 Rf8 36. Qg4 Kh7 37. Qe4 Qc4 38. Rd4 Qc1+ 39. Kh2 Qc7+ 40. g3 Kh8 41. Kg2 Qf7 42. Rd5 Nc6 43. Rd2 Qxf5 44. Qxc6 Rf7 45. Qa8+ Kh7 46. Qc6 Qb1 47. Qe6 Qg6 48. Qd5 Rf5 49. Qa8 Rc5 50. Rd7 a5 51. h4 Rc2 52. Qd5 Qc6 53. Qxc6 Rxc6 54. Rd3 Rc2 55. Rb3 Rxa2 56. Rxb6 Rc2 57. Ra6 Rc5 58. g4 Kg8 59. Ra7 Rc4 60. Rxa5 Rxg4+ 1/2-1/2

[Event "HUN-chT2 Charousek 0910"]
[Site "Hungary"]
[Date "2010.03.21"]
[Round "8"]
[White "Ivan, Attila"]
[Black "Sipos, Janos"]
[Result "0-1"]
[WhiteElo "2301"]
[BlackElo "2257"]
[PlyCount "80"]
[EventDate "2009.11.08"]
[EventType "team-tourn"]
[EventRounds "11"]
[EventCountry "HUN"]
[SourceTitle "EXT 2011"]
[Source "ChessBase"]
[SourceDate "2010.11.26"]
[SourceVersion "1"]
[SourceVersionDate "2010.11.26"]
[SourceQuality "1"]
[WhiteTeam "Pannonpower"]
[BlackTeam "Aquaprofit II"]
[WhiteTeamCountry "HUN"]
[BlackTeamCountry "HUN"]

1. e4 d6 2. d4 Nf6 3. Nc3 Nbd7 4. Nf3 e5 5. Bc4 Be7 6. 0-0 0-0 7. Re1 a6 8. a4 b6 9. Nd5 Nxd5 10. Bxd5 Rb8 11. Be3 Bf6 12. c3 Re8 13. Qb3 Qe7 14. Rad1 Nf8 15. h3 Bd7 16. Qc4 c6 17. Bxc6 b5 18. axb5 axb5 19. Bxb5 Bxb5 20. Qa2 Ne6 21. d5 Ng5 22. Nd2 Bd3 23. f3 Ra8 24. Qb3 Reb8 25. Bb6 Ba6 26. h4 Nxf3+ 27. Nxf3 Qb7 28. Ra1 Qxb6+ 29. Qxb6 Rxb6 30. b4 Rc8 31. Ra3 g6 32. g3 Bd3 33. Nd2 Ra6 34. Rxa6 Bxa6 35. Rc1 Bd8 36. Kf2 Bb6+ 37. Kf3 Bc4 38. Ra1 f5 39. Ra3 Bd3 40. Rb3 fxe4+ 0-1

[Event "HUN-chT2 Charousek 0910"]
[Site "Hungary"]
[Date "2010.02.28"]
[Round "7"]
[White "Ivan, Attila"]
[Black "Varga, Jozsef"]
[Result "1-0"]
[WhiteElo "2301"]
[BlackElo "2032"]
[PlyCount "40"]
[EventDate "2009.11.08"]
[EventType "team-tourn"]
[EventRounds "11"]
[EventCountry "HUN"]
[SourceTitle "EXT 2011"]
[Source "ChessBase"]
[SourceDate "2010.11.26"]
[SourceVersion "1"]
[SourceVersionDate "2010.11.26"]
[SourceQuality "1"]
[WhiteTeam "Pannonpower"]
[BlackTeam "Alsoszolnok"]
[WhiteTeamCountry "HUN"]
[BlackTeamCountry "HUN"]

1. e4 g6 2. d4 Bg7 3. Nc3 d6 4. Be3 Nf6 5. f3 c6 6. Qd2 h6 7. 0-0-0 b5 8. Kb1 a5 9. Bd3 b4 10. Nce2 Qc7 11. c4 Nfd7 12. f4 c5 13. Nf3 Na6 14. e5 Bb7 15. e6 fxe6 16. Bxg6+ Kd8 17. dxc5 Naxc5 18. Ned4 Nf6 19. Nb5 Qd7 20. Bxc5 dxc5 1-0

[Event "HUN-chT2 Charousek 0809"]
[Site "Hungary"]
[Date "2008.11.02"]
[Round "2"]
[White "Ivan, Attila"]
[Black "Kosztolanczi, Gyula"]
[Result "1-0"]
[WhiteElo "2293"]
[BlackElo "2187"]
[PlyCount "45"]
[EventDate "2008.10.26"]
[EventType "team-tourn"]
[EventRounds "11"]
[EventCountry "HUN"]
[SourceTitle "EXT 2010"]
[Source "ChessBase"]
[SourceDate "2010.11.25"]
[SourceVersion "1"]
[SourceVersionDate "2010.11.25"]
[SourceQuality "1"]
[WhiteTeam "Pannonpower"]
[BlackTeam "Tapolca"]
[WhiteTeamCountry "HUN"]
[BlackTeamCountry "HUN"]

1. e4 Nf6 2. Nc3 d5 3. e5 d4 4. exf6 dxc3 5. fxe7 cxd2+ 6. Bxd2 Bxe7 7. Bc3 0-0 8. Qxd8 Rxd8 9. Bd3 Nc6 10. 0-0-0 Bg4 11. f3 Be6 12. a3 b5 13. Bxb5 Bg5+ 14. Bd2 Rxd2 15. Rxd2 Rd8 16. Bd3 Ne5 17. Ne2 Be3 18. Kd1 Bf5 19. Nc1 Nc4 20. Re2 Be6 21. Ree1 Bf2 22. Rxe6 fxe6 23. Ke2 1-0